Legal aspects of regulatory treatment of banks in distress

Saved in:
Bibliographic Details
Main Author: Asser, Tobias Michael Carel
Format: Book
Language:English
Published: Washington, D.C. IMF 2001
Subjects:
Tags: Add Tag
No Tags, Be the first to tag this record!

MARC

LEADER 00000nam$a2200000$$$4500
001 0007327
005 20240306135247.7
020 |a 1-55775-972-3 
041 0 |a eng 
044 |a US 
245 1 0 |a Legal aspects of regulatory treatment of banks in distress  |c Tobias M.C. Asser 
264 1 |a Washington, D.C.  |b IMF  |c 2001 
300 |a 186 s. 
610 2 0 |a banky 
610 2 0 |a bankovníctvo 
610 2 0 |a regulácia 
610 2 0 |a likvidácia 
610 2 0 |a reštrukturalizácia 
610 2 0 |a insolventnosť 
610 2 0 |a právo 
100 1 |a Asser, Tobias Michael Carel